• 首页
  • 本馆介绍
  • 公告通知
  • 最新文献
  • 馆藏检索
  • 电子资源
  • 读者导购
  • 参考咨询
  • 我的图书馆
  • 登录
  • 详细信息显示
  • 放入我的书架
  • 预约/预借图书
  • 作者相关作品
  • 分类相关作品
  • 丛书相关作品
  • 出版社相关作品

书目信息

  • 表格格式
  • 工作单格式
  • 卡片格式
题名:
城市景观细部元素2000例
    
 
作者: 董学君 , 董晓明 编
分册:   城市雕塑
出版信息: 大连   大连理工大学出版社  2014
页数: 235页
开本: 29cm
丛书名:
单 册:
中图分类: J313.2
科图分类:
主题词: 城市建筑雕塑--作品集 , 城市建筑雕塑
电子资源:
ISBN: 978-7-5611-8336-6
000 00974nam0 2200277 450
001 339737
005 20150608154644.70
010    @a978-7-5611-8336-6@dCNY98.00
090    @aJ31@bdxj
100    @a20140429d2014 em y0chiy50 ea
101 0  @achi
102    @aCN@b210000
105    @aa z 000yy
106    @ar
200 1  @a城市景观细部元素2000例@Acheng shi jing guan xi bu yuan su 2000 li@i城市雕塑@d= Urban landscape details 2000@iUrban sculpture@f董学君, 董晓明编@zeng
210    @a大连@c大连理工大学出版社@d2014
215    @a235页@d29cm@e光盘1片
307    @a附光盘:ISBN 978-7-89437-071-6
330    @a本书用大量图片介绍了近年来我国城市雕塑的最新展示, 主要包括: 彩色雕塑、抽象雕塑、动物雕塑、生活雕塑、体育雕塑等。
606 0  @a城市建筑雕塑@x作品集
606 0  @a城市建筑雕塑
690    @aJ313.2@v5
701  0 @a董学君@Adong xue jun@4编
701  0 @a董晓明@Adong xiao ming@c(建筑设计)@4编
801  0 @aCN@b卓展宏图@c20150525
905    @dJ313.2@e35@f4
    
    城市景观细部元素2000例.城市雕塑= Urban landscape details 2000.Urban sculpture/董学君, 董晓明编.-大连:大连理工大学出版社,2014
    235页;29cm+光盘1片
    
    
    ISBN 978-7-5611-8336-6:CNY98.00
    本书用大量图片介绍了近年来我国城市雕塑的最新展示, 主要包括: 彩色雕塑、抽象雕塑、动物雕塑、生活雕塑、体育雕塑等。
●
相关链接 在E读中查询图书 在五车中查询图书 在当当中查询图书 在豆瓣中查询图书


正题名:城市景观细部元素2000例     索取号:J313.2/35         预约/预借

序号 登录号 条形码 馆藏地/架位号 状态 备注
1 863855   208638553   第一样本阅览室/ [索取号:J313.2/35] 在馆    
2 863856   208638562   第一借阅区/ [索取号:J313.2/35] 在馆    
3 863857   208638571   第一借阅区/ [索取号:J313.2/35] 在馆    
4 863858   208638580   美术系资料室/ [索取号:J313.2/35] 在馆    
唐山师范学院图书馆 欢迎您!
大连网信软件有限公司© 版权所有